Handshake : a course in communication : student's book

Αποθηκεύτηκε σε:
Λεπτομέρειες βιβλιογραφικής εγγραφής
Κύριος συγγραφέας: Viney, Peter
Άλλοι συγγραφείς: Viney, Karen
Μορφή: Βιβλίο
Γλώσσα:English
Δημοσίευση: Oxford : Oxford University Press, c1996.
Θέματα:
Ετικέτες: Προσθήκη ετικέτας
Δεν υπάρχουν, Καταχωρήστε ετικέτα πρώτοι!

MARC

LEADER 00000cam a2200000 i 4500
001 1/90942
008 080711s1996 enk| ||| |||| ||eng||
020 |a 9780194572200 
035 |l 10098923 
040 |a GR-MyUa  |b gre  |e AACR2 
041 0 |a eng 
082 7 |a 428.24   |2 (22) 
100 1 |a Viney, Peter. 
245 1 0 |a Handshake :   |b a course in communication : student's book /   |c Peter Viney & Karen Viney. 
260 |a Oxford :   |b Oxford University Press,   |c c1996. 
300 |a 175 σ. :   |b εικ. (μερικές έγχρ.) ;   |c 28 εκ. 
650 0 0 |a English language  |v Textbooks for foreign speakers. 
700 1 |a Viney, Karen. 
852 |a INST  |b SYROS  |e 20080711  |h 428.24 VIN  |p 005500005668  |q 005500005668  |t BK  |y 0 
901 |a BIBL5-2008-2 
922 |a 5ΕΛΗ  |b 200711  |c ΕΠΕΑΕΚ2/ΤΜΣΠΣ  |d ΠΑΠΑΣΩΤΗΡΙΟΥ 
970 |a ΚΑΓΙΑΒΑ  |b ΕΙΡΗΝΗ  |z 2008/07/11